Príbeh ľanu

Gespeichert in:
Bibliographische Detailangaben
1. Verfasser: Maťašeová, Vladimíra (Verfasst von)
Weitere Verfasser: Lipková, Michala (Betreuung Doktorarbeit)
Format: Manuskript Buch
Sprache:Slowakisch
Veröffentlicht: Bratislava 2020
Schlagworte:
Online-Zugang:http://is.stuba.sk/zp/portal_zp.pl?podrobnosti=152359
Tags: Tag hinzufügen
Keine Tags, Fügen Sie das erste Tag hinzu!

MARC

LEADER 00000ntm a22000003a 4500
001 stuzp80116
003 SK-STU
005 20200814072810.6
007 ta
008 150427s2015----xo-----f-mn---000-0-slo-d
040 |a STU  |b slo 
041 0 |a slo 
100 1 |a Maťašeová, Vladimíra  |u 059190  |4 aut  |U FAD Fakulta architektúry  |T FA Ústav dizajnu  |X 77136  |U A9190  |Y 400  |7 77136 
242 0 1 |a Story of Linen  |y eng 
245 1 0 |a Príbeh ľanu 
260 |c 2020  |a Bratislava 
650 4 |a vreteno  |2 slo 
650 4 |a kolovrátok  |2 slo 
650 4 |a krosná  |2 slo 
650 4 |a tradícia  |2 slo 
650 4 |a remeslo  |2 slo 
650 4 |a vlákno  |2 slo 
650 4 |a pradenie  |2 slo 
650 4 |a tkanie  |2 slo 
650 4 |a rýchla móda  |2 slo 
650 4 |a modernizácia  |2 slo 
650 4 |a príbeh  |2 slo 
650 4 |a ľan  |2 slo 
650 4 |a flax  |2 eng 
650 4 |a tradition  |2 eng 
650 4 |a craft  |2 eng 
650 4 |a linen  |2 eng 
650 4 |a Slovakia  |2 eng 
650 4 |a fibre  |2 eng 
650 4 |a spinning  |2 eng 
650 4 |a spindle  |2 eng 
650 4 |a loom  |2 eng 
650 4 |a fast fashion  |2 eng 
650 4 |a story  |2 eng 
650 4 |a modernization  |2 eng 
650 4 |a weaving  |2 eng 
650 4 |a spinning wheel  |2 eng 
700 1 |a Lipková, Michala  |u 059190  |k Z1  |4 ths  |U FAD Fakulta architektúry  |T FA Ústav dizajnu  |X 15371  |U A9190  |Y 400  |7 A000015371 
856 4 |u http://is.stuba.sk/zp/portal_zp.pl?podrobnosti=152359  |u https://opac.crzp.sk/?fn=detailBiblioForm&sid=2DE4D0DBB221E90D1088F9BEC259